| 000 | 01193nam a2200217Ia 4500 | ||
|---|---|---|---|
| 003 | Ost | ||
| 005 | 20260416102358.0 | ||
| 008 | 260416s9999||||xx |||||||||||||| ||und|| | ||
| 040 | _cfsecg | ||
| 041 | _aara | ||
| 082 | _a346.07 | ||
| 100 |
_aعليان،مالك _eمؤلف |
||
| 245 | 0 |
_aمحاضرات في القانون التجاري : _bالتاجر،الاعمال التجارية،المحل التجاري،الشركات التجارية / _cمالك عليان |
|
| 260 |
_aالجزائر _bجامعة الجزائر3: كلية العلوم الإقتصادية، العلوم التجارية وعلوم التسيير _c2022 |
||
| 300 |
_a101 ورقة _bايضاحات _c30 سم |
||
| 504 | _aمراجع ص.98 | ||
| 520 | _aنشأة القانون التجاري و تطوره، الاعمال التجارية و أنواعها،التاجر و التزاماته القانونية ،المحل التجاري،الشركات التجارية. | ||
| 653 | _aالقانون التجاري | ||
| 710 |
_aجامعة الجزائر3: كلية العلوم الإقتصادية، العلوم التجارية وعلوم التسيير _eناشر علمي |
||
| 942 | _cHANDOUT | ||
| 999 |
_c41319 _d41319 |
||